| 000 | 00714nam a2200181Ia 4500 | ||
|---|---|---|---|
| 003 | GCL | ||
| 008 | 140319s9999 xx 000 0 ara d | ||
| 040 |
_aGCL / _cGCL |
||
| 082 | 0 | 4 |
_a344.04194 _bر م |
| 100 | 1 | _aرافت صلاح ابوالهيجاء | |
| 245 | 1 | 0 |
_aمشروعية نقل الاعضاء بين الشريعة والقانون / _cرافت صلاح ابوالهيجاء |
| 250 | _aالاولى | ||
| 260 |
_aالاردن : _bعالم الكتب الحديث ، _c2006 |
||
| 300 |
_a147 ص ؛ _c24 سم |
||
| 650 | 0 | 4 | _aنقل الاعضاء البشرية - قوانين وتشريعات |
| 650 | 0 | 4 | _aنقل الاعضاء البشرية - الشريعة الاسلامية |
| 942 |
_2ddc _cBK |
||
| 999 |
_c10012 _d10012 |
||